000 00568nam a2200181Ia 4500
003 IN-BaIIA
008 211028s9999 xx 000 0 eng d
020 _a0-8243-0918-9
040 _cIIA Library
080 _a047.1:52
_bARA-18
245 0 _aAnnual review of astronomy and astrophysics
_bvol. 18
_cedited by Geoffrey R. Burbidge.
260 _aCalifornia
_bAnnual Reviews
_c1980
300 _a591p.
650 _aAnnual Reviews-Astronomy and Astrophysics
_98535
650 _aAstronomy and Astrophysics Thesaurus
700 _aBurbidge, Geoffrey., ed.
942 _cBK
999 _c6683
_d6683